000 00751nam a2200253Ia 4500
003 OSt
005 20220927110352.0
006 a|||||r|||| 00| 0
007 ta
008 220926b |||||||| |||| 00| 0 eng d
024 _a64284
037 _cReports
040 _aRTL
_cRTL
_beng
041 _2eng
_aeng
082 _a"X428.271.N6, K2/GD"
110 _aOrissa Commerce (Deprtment)
_9376861
245 0 _aReport on the development of a deep water port at
260 _aLondon
_bRendel Palmer and Tritton UK
_c1962
300 _a63p. Appendix p. 38-63
_ccm.
650 _aPort
700 _aOrissa Commerce (Deprtment)
_9376862
942 _h"X428.271.N6, K2/GD"
_cCC
999 _c695899
_d695899